Food by emoji #2 - Statistics

General Stats
  • This quiz has been taken 84 times
  • The average score is 10 of 15
Answer Stats
Hint Answer % Correct
🥝 Kiwi
100%
🍅 Tomato
95%
🥑 Avocado
87%
🥦 Broccoli
82%
🥕 Carrot
80%
🥔 Potato
80%
🧅 Onion
78%
🥒 Cucumber
77%
🧄 Garlic
70%
🌽 Sweetcorn
70%
🫑 Pepper
60%
🫒 Olive
52%
🌶 Chili
42%
🍆 Aubergine
37%
🥬 Cabbage
17%
No matching quizzes found
Score Distribution
Percent of People with Each Score
Percentile by Number Answered
Your Score History
You have not taken this quiz